Règnes de tous les rois des francs / de France depuis les Carolingiens - Statistiques

Statistiques générales
  • Ce quiz a été pris 132 fois
  • Le résultat moyen est 22 sur 54
Statistiques - réponses
Rois Règne % Correct
Napoléon Ier 1804-1815
75%
Napoléon III 1852-1870
70%
Louis XIV le Grand 1643-1715
65%
Louis XVIII 1815-1824
65%
Charles X 1824-1830
65%
Louis-Philippe Ier 1830-1848
65%
Louis XVI 1774-1792
62%
Louis XV le Bien-Aimé 1715-1774
60%
Henri IV le Vert-Galant 1589-1610
58%
Louis XIII le Juste 1610-1643
58%
François Ier le Père et Restaurateur des Lettres 1515-1547
53%
Henri II 1547-1559
50%
François II 1559-1560
48%
Charles IX 1560-1574
48%
Henri III 1574-1589
48%
Louis Ier le Pieux 814-840
48%
Charlemagne (deuxième fils de Pépin le Bref) 768-814
47%
Pépin II le Bref 751-768
45%
Hugues Capet 987-996
45%
Philippe II Auguste 1180-1223
42%
Louis IX dit Saint Louis 1226-1270
42%
Jean Ier le Posthume 1316-1316
42%
Philippe V le Long 1316-1322
42%
Charles IV le Bel 1322-1328
42%
Louis VIII le Lion 1223-1226
40%
Louis X le Hutin 1314-1316
40%
Philippe VI 1328-1350
40%
Jean II le Bon 1350-1364
40%
Louis XII le Père du Peuple 1498-1515
40%
Charles V le Sage 1364-1380
38%
Charles VI le Fol 1380-1422
38%
Charles VIII l'Affable 1483-1498
38%
Philippe III le Hardi 1270-1285
37%
Philippe IV le Bel 1285-1314
37%
Charles VII le Victorieux 1422-1461
37%
Louis XI le Prudent 1461-1483
37%
Robert II le Pieux 996-1031
37%
Carloman Ier (premier fils de Pépin le Bref) 768-771
35%
Henri Ier 1031-1060
33%
Philippe Ier 1060-1108
33%
Louis VII le Jeune 1137-1180
33%
Louis VI le Gros 1108-1137
30%
Charles II le Chauve 843-877
23%
Louis II le Bègue 877-879
23%
Louis III (premier fils de Louis II) 879-882
23%
Eudes Ier 888-898
23%
Louis V le Fainéant 986-987
23%
Carloman II (deuxième fils de Louis II) 879-884
22%
Charles III le Simple 898-922
22%
Raoul Ier 923-936
22%
Robert Ier 922-923
20%
Louis IV d'Outremer 936-954
20%
Lothaire 1er 954-986
18%
Charles II le Gros 885-887
17%
Aucun quiz correspondant
Distribution des résultats
% des personnes avec chaque résultat
Percentile par nombre de réponses
Votre historique - résultats
Vous n’avez pas pris ce quiz